Wymień ćwierćfinalistów Euro 2024 - Statystyki

Ogólne statystyki
  • Ten quiz został rozwiązany 678 razy
  • Średni wynik to 7 z 8
Statystyki odpowiedzi
Reprezentacja % Poprawnych
Hiszpania
99%
Francja
97%
Anglia
95%
Holandia
92%
Niemcy
92%
Portugalia
92%
Turcja
83%
Szwajcaria
79%
Nie znaleziono quizów pasujących do podanych kryteriów
Rozkład punktacji
Procent ludzi z każdym wynikiem
Percentyl według liczby udzielonych odpowiedzi
Twoja historia wyników
Nie rozwiązałeś tego quizu